|
|
|
|
| LEADER |
00000naa a2200000uu 4500 |
| 001 |
vtls011085019 |
| 003 |
SK-MaSNL |
| 005 |
20260302105111.0 |
| 008 |
210905|1996 xo |||||||||||||||||eng| |
| 015 |
|
|
|a SNBRA
|
| 035 |
|
|
|a (urnnbn)urn:nbn:sk:snk:ar-a0clol
|
| 035 |
|
|
|a (uuid)a355b80f-237e-4ca1-9821-a3db9d621825
|
| 035 |
|
|
|a urn:nbn:sk:snk-aavrkl
|
| 040 |
|
|
|a SNKBUCL
|b slo
|c SNKBUCL
|e AACR2
|
| 041 |
0 |
|
|a eng
|
| 044 |
|
|
|a xo
|c SK
|
| 100 |
1 |
|
|a Matejka, F.
|4 aut
|9 783250
|
| 245 |
1 |
0 |
|a RELATIONSHIPS BETWEEN LATENT HEAT FLUX AND AVAILABLE ENERGY
|c F. Matejka
|
| 773 |
0 |
|
|t Meteorological processes in the boundary layer of the atmosphere
|d Bratislava : Geophysical Institute of the Slovak Academy of Sciences, 1996
|g S. 150-155
|z 8085754053
|
| 958 |
|
|
|a OND
|
| 958 |
|
|
|a article12
|
| 958 |
|
|
|a chapter
|
| 999 |
|
|
|c 1237383
|d 1239313
|